000 00295nam a2200121Ia 4500
008 190216s9999||||xx |||||||||||||| ||und||
100 _aKenneth Hopkins
245 0 _aGreat Moments In Exploration
260 _bPhoenix House Ltd
_c1959
300 _a128p
650 _aEnglish Essay
942 _cBK
999 _c11688
_d11688